[Event "GER-ch (Women)"]
[Site "Hockenheim"]
[Date "2009.08.29"]
[Round "8"]
[White "Gottschall, Ina"]
[Black "Kohls, Vera"]
[Result "1-0"]
[WhiteElo "1693"]
[BlackElo "1904"]
[PlyCount "99"]
[EventDate "2009.08.21"]
[EventType "swiss"]
[EventRounds "9"]
[EventCountry "GER"]
[SourceTitle "CBM 131 Extra"]
[Source "ChessBase"]
[SourceDate "2009.09.03"]
[SourceVersion "2"]
[SourceVersionDate "2009.09.16"]
[SourceQuality "1"]

1. g3 Nf6 2. Bg2 d5 3. d4 e6 4. Nf3 Be7 5. 0-0 0-0 6. Nc3 c5 7. dxc5 Bxc5 8. Ne5 Nc6 9. Nd3 Be7 10. Bf4 a6 11. e3 Nd7 12. a4 e5 13. Nxe5 Ndxe5 14. Nxd5 Be6 15. Nxe7+ Qxe7 16. h4 Rad8 17. Qc1 Rd7 18. Rd1 Rfd8 19. Rxd7 Rxd7 20. b3 Bg4 21. Qb2 Qf6 22. Kf1 Qd6 23. f3 Be6 24. e4 f6 25. Qc3 Qd4 26. Qe1 Rd8 27. Be3 Qd7 28. Bb6 Re8 29. Rd1 Qc8 30. Rd6 Bh3 31. Kf2 Bxg2 32. Kxg2 Nf7 33. Rd2 h6 34. f4 Qe6 35. Kf3 f5 36. e5 Ncxe5+ 37. fxe5 Qxb6 38. Re2 Qb4 39. Qxb4 Nxe5+ 40. Rxe5 Rxe5 41. Qxb7 Re6 42. c4 Kh7 43. c5 Kg6 44. c6 Rd6 45. c7 Rd3+ 46. Ke2 Rxg3 47. c8Q a5 48. Qe8+ Kh7 49. Qbf7 Rg4 50. Qeg8# 1-0

[Event "GER-ch (Women)"]
[Site "Hockenheim"]
[Date "2009.08.27"]
[Round "6"]
[White "Birkholz, Mary"]
[Black "Gottschall, Ina"]
[Result "1-0"]
[WhiteElo "1976"]
[BlackElo "1693"]
[PlyCount "87"]
[EventDate "2009.08.21"]
[EventType "swiss"]
[EventRounds "9"]
[EventCountry "GER"]
[SourceTitle "CBM 131 Extra"]
[Source "ChessBase"]
[SourceDate "2009.09.03"]
[SourceVersion "2"]
[SourceVersionDate "2009.09.16"]
[SourceQuality "1"]

1. e4 e6 2. d4 d5 3. exd5 exd5 4. Bd3 Nc6 5. Ne2 Bd6 6. c3 Nge7 7. Bg5 f6 8. Be3 Bf5 9. Ng3 Bxd3 10. Qxd3 Qd7 11. Nd2 Qg4 12. Nf3 Qg6 13. Qe2 0-0 14. Nh4 Qf7 15. Nhf5 Qg6 16. Nxd6 cxd6 17. Rc1 Nf5 18. Nxf5 Qxf5 19. 0-0 Rfe8 20. Qb5 Re7 21. c4 a6 22. Qa4 Re4 23. c5 dxc5 24. Rxc5 Rd8 25. Qd1 Rd7 26. a3 Rh4 27. g3 Re4 28. Kg2 h5 29. h3 h4 30. g4 Qg6 31. Kh2 f5 32. gxf5 Qxf5 33. Rc3 Qf6 34. Qh5 Nxd4 35. Rc8+ Rd8 36. Qxd5+ Ne6 37. Rxd8+ Qxd8 38. Qxe4 Qc7+ 39. f4 Qd7 40. Rg1 Qf7 41. Qe5 g6 42. f5 Nf8 43. Bd4 Kh7 44. Qh8# 1-0

[Event "GER-ch (Women)"]
[Site "Hockenheim"]
[Date "2009.08.25"]
[Round "4"]
[White "Kluge, Heidemarie"]
[Black "Gottschall, Ina"]
[Result "1-0"]
[WhiteElo "1952"]
[BlackElo "1693"]
[PlyCount "53"]
[EventDate "2009.08.21"]
[EventType "swiss"]
[EventRounds "9"]
[EventCountry "GER"]
[SourceTitle "CBM 131 Extra"]
[Source "ChessBase"]
[SourceDate "2009.09.03"]
[SourceVersion "2"]
[SourceVersionDate "2009.09.16"]
[SourceQuality "1"]

1. d4 Nf6 2. h3 d5 3. Bf4 e6 4. e3 Bd6 5. Bxd6 Qxd6 6. c3 Nc6 7. Nd2 0-0 8. Bd3 e5 9. Rc1 e4 10. Bb1 Ne7 11. Ne2 c6 12. 0-0 Nf5 13. Qe1 Qd7 14. c4 Nh4 15. f3 exf3 16. Qxh4 fxe2 17. Rxf6 h6 18. Rf2 Qe6 19. Rxe2 Bd7 20. cxd5 Qxd5 21. Qe4 Qxe4 22. Nxe4 Rad8 23. Bd3 Be6 24. Nc5 Bc8 25. Bc4 b6 26. Nd3 Kh8 27. Ne5 1-0

[Event "GER-ch (Women)"]
[Site "Hockenheim"]
[Date "2009.08.24"]
[Round "3"]
[White "Storkebaum, Ulrike"]
[Black "Gottschall, Ina"]
[Result "1-0"]
[WhiteElo "1894"]
[BlackElo "1693"]
[PlyCount "95"]
[EventDate "2009.08.21"]
[EventType "swiss"]
[EventRounds "9"]
[EventCountry "GER"]
[SourceTitle "CBM 131 Extra"]
[Source "ChessBase"]
[SourceDate "2009.09.03"]
[SourceVersion "2"]
[SourceVersionDate "2009.09.16"]
[SourceQuality "1"]

1. e4 e6 2. d4 d5 3. exd5 exd5 4. Nf3 Bd6 5. Bd3 Nc6 6. 0-0 Bg4 7. c3 Nge7 8. h3 Bh5 9. Re1 0-0 10. Be3 Qd7 11. Nbd2 Rfe8 12. Bxh7+ Kh8 13. Bd3 Bg6 14. Nf1 Bxd3 15. Qxd3 Qf5 16. Qxf5 Nxf5 17. g4 Nxe3 18. Nxe3 Ne7 19. Rad1 c6 20. Nh4 Bc7 21. Kf1 g5 22. Nhf5 Ng6 23. Ng2 Kg8 24. h4 f6 25. h5 Nf8 26. Re3 Rxe3 27. Ngxe3 Re8 28. Kg2 Ne6 29. Rh1 a5 30. h6 Kh7 31. Kf1 Nf4 32. Ng7 Re4 33. Nh5 Bd8 34. Nxf4 Rxf4 35. Ke2 Re4 36. f3 Re6 37. Kf2 Be7 38. Nf5 Bf8 39. b3 b6 40. c4 dxc4 41. bxc4 Re8 42. Rb1 Rb8 43. a4 Bxh6 44. Rh1 b5 45. cxb5 cxb5 46. Rxh6+ Kg8 47. axb5 Rxb5 48. Rxf6 1-0

[Event "Schleswig Holstein-ch (Women) 63rd"]
[Site "Molln"]
[Date "2008.05.18"]
[Round "4"]
[White "Gottschall, Ina"]
[Black "Boehme Ziska, Christine"]
[Result "1/2-1/2"]
[WhiteElo "1409"]
[BlackElo "1728"]
[PlyCount "87"]
[EventDate "2008.05.16"]
[EventType "swiss"]
[EventRounds "5"]
[EventCountry "GER"]
[SourceTitle "EXT 2010"]
[Source "ChessBase"]
[SourceDate "2010.11.25"]
[SourceVersion "1"]
[SourceVersionDate "2010.11.25"]
[SourceQuality "1"]

1. d4 c6 2. c4 d5 3. cxd5 cxd5 4. Nc3 Nc6 5. Nf3 Bf5 6. Qb3 Qd7 7. e3 e6 8. Bb5 f6 9. Bd2 Bd6 10. 0-0 Nge7 11. Rfe1 Be4 12. Bc1 Bxf3 13. gxf3 Qc7 14. Kh1 0-0 15. f4 Bb4 16. Rg1 Bxc3 17. Qxc3 a6 18. Bd3 f5 19. f3 Ng6 20. Qe1 Qe7 21. Bd2 Rac8 22. Qg3 Qh4 23. a3 Qxg3 24. Rxg3 Rc7 25. Rag1 b5 26. Be1 Rb7 27. R3g2 Rff7 28. h4 Nf8 29. Rc2 Na7 30. Bb4 Rbc7 31. Rgc1 Rxc2 32. Rxc2 Nd7 33. Ba5 Nf8 34. Bb6 g6 35. b3 Rb7 36. Ba5 Kf7 37. Rc7+ Rxc7 38. Bxc7 Nd7 39. a4 Ke7 40. axb5 Nxb5 41. Ba5 Nb8 42. Bd2 Kd7 43. Kg2 Kc7 44. Kf2 1/2-1/2

[Event "Schleswig Holstein-ch (Women) 63rd"]
[Site "Molln"]
[Date "2008.05.18"]
[Round "5"]
[White "Gottschall, Ina"]
[Black "Kluth, Sabrina"]
[Result "0-1"]
[WhiteElo "1409"]
[BlackElo "1562"]
[PlyCount "76"]
[EventDate "2008.05.16"]
[EventType "swiss"]
[EventRounds "5"]
[EventCountry "GER"]
[SourceTitle "EXT 2010"]
[Source "ChessBase"]
[SourceDate "2010.11.25"]
[SourceVersion "1"]
[SourceVersionDate "2010.11.25"]
[SourceQuality "1"]

1. d4 d5 2. c4 e6 3. Nf3 c6 4. Nc3 dxc4 5. e4 b5 6. a3 a5 7. Bd2 Nf6 8. e5 Nd5 9. b3 cxb3 10. Qxb3 Ba6 11. Ne4 Qb6 12. Neg5 h6 13. Ne4 Be7 14. Be2 Nd7 15. 0-0 c5 16. Rfb1 c4 17. Qc2 Qc7 18. Rc1 0-0 19. a4 b4 20. Bxc4 Rac8 21. Nc5 Bxc4 22. Qxc4 Bxc5 23. dxc5 Nxe5 24. Nxe5 Qxe5 25. Rab1 Rfd8 26. Qg4 Nf6 27. Qf4 Rxc5 28. Qxe5 Rxe5 29. Be3 Red5 30. Kf1 Ng4 31. Bb6 R8d6 32. Bc7 Rd7 33. h3 Nf6 34. Bb6 Ne4 35. Ke1 Nc3 36. Rb2 Nxa4 37. Rc8+ Kh7 38. Ra2 Nxb6 0-1